00652nam a22002057a 450000500170000001000150001702000260003203500140005803700090007208200190008124501080010025000060020826000500021427000480026430000280031270000250034070000290036570000260039470000260042020250804123750.0 aENG-146330 a9789389934694c795.00 aEN-129862 bDBAD a338.502465821 aRecent Technological Advancements in Finance, Economics and Management/cEdited By B.B.Tiwari...[et.al] a1 aNew DelhibAllied Publishers Pvt. Ltd. c2025 a1/13-14, Asaf Ali Road, bNew Delhie110002 axxxvii, 234p.c24cm(hb) aTiwari, B.B.eEditor aS. Ranjith KumareEditor aSyed, RajeenaeEditor aReddy, EshwareEditor